| 000 | 00752nam a2200217 a 4500 | ||
|---|---|---|---|
| 001 | 59732 | ||
| 003 | BD-RjUL | ||
| 005 | 20211209080749.0 | ||
| 008 | 161227s1984 bg ||||| |||| 00| 0 ben d | ||
| 035 | _a(BD-RjUL) 59856 | ||
| 040 |
_aBD-RjUL _bben _cBD-RjUL |
||
| 041 | _aben | ||
| 082 |
_223 _a343.0998 _bRAS 1984 |
||
| 100 |
_aরহমান, গাজী শামসুর _9171290 |
||
| 245 | 1 | 0 |
_aসংবাদ বিষয়ক আইন / _cগাজী শামসুর রহমান |
| 260 |
_aঢাকা : _bবাংলা একাডেমী, _c১৯৮৪ |
||
| 300 |
_a৪৫৪ পৃ. ; _c২৩ সেমি. |
||
| 650 |
_aসংবাদ আইন _9177734 |
||
| 650 |
_aNews Law _9177735 |
||
| 942 |
_2ddc _cBK |
||
| 999 |
_c59732 _d59732 |
||